Longest Running TV Shows A - Z - Statistics

General Stats
  • This quiz has been taken 114 times
  • The average score is 6 of 26
Answer Stats
letter years show % Correct
S 1989 - present The Simpsons
80%
X 1993 - 2002 The X-Files
57%
F 1999 - present Family Guy
46%
B 1959 - 1973 Bonanza
42%
D 1978 - 1991 Dallas
41%
E 1994 - 2009 ER
35%
L 1990 - 2010 Law & Order
31%
N 2003 - present NCIS
30%
C 2000 - 2015 CSI: Crime Scene Investigation
28%
G 1955 - 1975 Gunsmoke
28%
Q 1976 - 1983 Quincy, M.E.
26%
R 1988 - 1997 Roseanne
22%
O 2005 - 2013 The Office
20%
H 1968 - 1980 Hawaii Five-O
19%
W 1972 - 1981 The Waltons
17%
K 1979 - 1993 Knot's Landing
15%
Z 1957 - 1959 Zorro
14%
M 1960 - 1972 My Three Sons
12%
A 1952 - 1966 The Adventures of Ozzie and Harriet
11%
P 1957 - 1966 Perry Mason
9%
T 2003 - 2015 Two and a Half Men
9%
I 1967 - 1975 Ironside
6%
V 1962 - 1971 The Virginian
6%
Y 2000 - 2006 Yes, Dear
4%
J 1950 - 1965 The Jack Benny Program
1%
U 1953 - 1963 The United States Steel Hour
1%
No matching quizzes found
Score Distribution
Percent of People with Each Score
Percentile by Number Answered
Your Score History
You have not taken this quiz